Who was Doing What V? Quiz Stats

 Plays Quiz not verified by Sporcle

Score 0/12 Timer 03:00
0 Plays Today
% Correct
in pursuit
89.9%
being pruned
87.8%
working as a college administrator
85.8%
holding and loaning money
83.7%
showing off his red breast
81.2%
being dug from a quarry
72.7%
holding 1.5 liters of wine
69.2%
digging rabbit tunnels
68.1%
being spent in the UK
66.9%
on the banks of the Thames
66.4%
living his youth
58.9%
getting very drunk
54.8%

You're not logged in!

Compare scores with friends on all Sporcle quizzes.
OR
Log In

Sporcle TV

Today on Sporcle TV


Watch our educational content, quiz creation guides, and fun videos on Sporcle TV.

Show Comments

Extras

Top Quizzes Today


Score Distribution

Your Account Isn't Verified!

In order to create a playlist on Sporcle, you need to verify the email address you used during registration. Go to your Sporcle Settings to finish the process.

Report this User

Report this user for behavior that violates our Community Guidelines.

Details: